Mainline: beginners B, students' book

Kaydedildi:
Detaylı Bibliyografya
Yazar: Alexander, Louis George (Yazar)
Materyal Türü: Kitap
Dil:İngilizce
Baskı/Yayın Bilgisi: Londres Longman 1979
Edisyon:1a. ed
Konular:
Etiketler: Etiketle
Etiket eklenmemiş, İlk siz ekleyin!

MARC

LEADER 00000nam a2200000 a 4500
001 UCK0927
003 CL-VaPUC
008 041029e19790000UK |||||||||||||||||eng|d
020 |a 0582515564 
082 0 4 |a 428.0712  |b ALE  |2 21 
100 0 |a Alexander, Louis George  |e author  |9 488722 
245 1 0 |a Mainline: beginners B, students' book 
250 |a 1a. ed 
300 |a 140 p 
942 |c BK 
945 |d 20041029 00:00:00  |a vberengu 
260 |a Londres  |b Longman  |c 1979 
650 0 |a Lengua inglesa  |9 318842 
650 0 |a Enseñanza del inglés  |9 367340 
650 0 |a Libros de texto  |9 270019 
650 0 |a Educación lingüística  |9 306506 
583 |a last modification  |c 20190805 10:24:09  |k Rodrigo Vera 
999 |c 311077  |d 311075 
952 |0 0  |1 0  |4 0  |6 428_071200000000000_ALE_1979  |7 0  |8 A  |9 380286  |a BIBEDU  |b BIBEDU  |d 2019-11-21  |i 4067525  |o 428.0712 ALE 1979  |p 4067525  |r 2019-11-21  |w 2019-11-21  |y BK  |k LIT